000
00274nam a2200133Ia 4500
100
_a
Palay M.
942
_c
BK
654
_a
Cutting
245
_a
Metal Cutting Tool Production
260
_b
Mir Publishers
_c
2001
082
_a
621.9
300
_a
129
546
_a
ENGLISH
999
_c
20188
_d
20188